[Event "EIRCC 2019"]
[Site "Tallinn"]
[Date "2019.12.06"]
[Round "8.31"]
[White "Sipila, Vilka"]
[Black "Psyk, Radoslaw"]
[Result "1-0"]
[WhiteElo "2380"]
[BlackElo "2178"]
[Annotator "NA"]
[PlyCount "77"]
[EventDate "2019.12.05"]
[EventType "swiss"]
[EventCountry "EST"]
[SourceTitle "playchess.com"]
[Source "ChessBase"]
[SourceQuality "1"]
[TimeControl "900+10"]

1. c4 {[%emt 0:00:00]} e5 {[%emt 0:00:00]} 2. Nc3 {[%emt 0:00:00]} Bb4 {[%emt 0:00:01]} 3. Nf3 {[%emt 0:00:07]} Bxc3 {[%emt 0:00:12]} 4. dxc3 {[%emt 0:00:07]} Nc6 {[%emt 0:00:20]} 5. g3 {[%emt 0:00:07]} d6 {[%emt 0:01:37]} 6. Bg2 {[%emt 0:00:02]} f5 {[%emt 0:00:53]} 7. O-O {[%emt 0:01:34]} Nf6 {[%emt 0:00:02]} 8. Qb3 {[%emt 0:00:10]} O-O {[%emt 0:05:14]} 9. Rd1 {[%emt 0:00:05]} h6 {[%emt 0:01:45]} 10. c5+ {[%emt 0:00:16]} d5 {[%emt 0:00:01]} 11. c4 {[%emt 0:00:02]} d4 {[%emt 0:00:33]} 12. e3 {[%emt 0:00:02]} Ne4 {[%emt 0:00:44]} 13. Qa3 {[%emt 0:00:50]} Be6 {[%emt 0:00:39]} 14. exd4 {[%emt 0:00:08]} exd4 {[%emt 0:00:13]} 15. Be3 {[%emt 0:00:03]} dxe3 {[%emt 0:00:36]} 16. Rxd8 {[%emt 0:00:03]} exf2+ {[%emt 0:00:01]} 17. Kh1 {[%emt 0:00:02]} Raxd8 {[%emt 0:00:02]} 18. b3 {[%emt 0:00:19]} Rd3 {[%emt 0:01:16]} 19. Qb2 {[%emt 0:00:08]} Rfd8 {[%emt 0:00:09]} 20. Rf1 {[%emt 0:00:49]} Rd1 {[%emt 0:02:06]} 21. Qe2 {[%emt 0:00:03]} Rxf1+ {[%emt 0:00:15]} 22. Bxf1 {[%emt 0:00:07]} Bf7 {[%emt 0:00:59]} 23. Qe3 {[%emt 0:00:16]} Bh5 {[%emt 0:00:21]} 24. Nh4 {[%emt 0:01:26]} Rd1 {[%emt 0:00:02]} 25. Kg2 {[%emt 0:00:04]} Bg4 {[%emt 0:00:05]} 26. Nxf5 {[%emt 0:04:59]} Bxf5 {[%emt 0:00:20]} 27. g4 {[%emt 0:00:03]} Bg6 {[%emt 0:00:26]} 28. h4 {[%emt 0:00:01]} Nd2 {[%emt 0:00:26]} 29. Qe6+ {[%emt 0:00:13]} Bf7 {[%emt 0:00:02]} 30. Qc8+ {[%emt 0:00:01]} Kh7 {[%emt 0:00:14]} 31. Bd3+ {[%emt 0:00:10]} g6 {[%emt 0:00:03]} 32. Kxf2 {[%emt 0:00:18]} Nxb3 {[%emt 0:00:27]} 33. Qxc7 {[%emt 0:01:07]} Kg7 {[%emt 0:00:01]} 34. Be2 {[%emt 0:00:01]} Rd2 {[%emt 0:00:12]} 35. axb3 {[%emt 0:00:04]} Nd4 {[%emt 0:00:01]} 36. Ke3 {[%emt 0:00:08]} Rxe2+ {[%emt 0:00:25]} 37. Kxd4 {[%emt 0:00:01]} Rd2+ {[%emt 0:00:06]} 38. Kc3 {[%emt 0:00:04]} Rg2 {[%emt 0:00:08]} 39. Qxb7 {[%emt 0:00:05]} 1-0

[Event "EIRCC 2019"]
[Site "Tallinn"]
[Date "2019.12.06"]
[Round "8.32"]
[White "Crevatin, Leo"]
[Black "Frischmann, Rick"]
[Result "1-0"]
[WhiteElo "2108"]
[BlackElo "2375"]
[Annotator "NA"]
[PlyCount "32"]
[EventDate "2019.12.05"]
[EventType "swiss"]
[EventCountry "EST"]
[SourceTitle "playchess.com"]
[Source "ChessBase"]
[SourceQuality "1"]
[TimeControl "900+10"]

1. d4 {[%emt 0:00:00]} d5 {[%emt 0:01:21]} 2. c4 {[%emt 0:00:00]} Nc6 {[%emt 0:00:00]} 3. Nc3 {[%emt 0:00:00]} Nf6 {[%emt 0:00:01]} 4. Nf3 {[%emt 0:00:00]} dxc4 {[%emt 0:00:01]} 5. Bg5 {[%emt 0:00:01]} h6 {[%emt 0:00:02]} 6. Bh4 {[%emt 0:00:10]} a6 {[%emt 0:00:01]} 7. d5 {[%emt 0:00:03]} Na5 {[%emt 0:00:31]} 8. e4 {[%emt 0:00:05]} c6 {[%emt 0:00:07]} 9. dxc6 {[%emt 0:01:50]} Qxd1+ {[%emt 0:00:56]} 10. Rxd1 {[%emt 0:00:02]} b5 {[%emt 0:00:02]} 11. Bxf6 {[%emt 0:01:32]} exf6 {[%emt 0:01:12]} 12. Nd5 {[%emt 0:00:02]} Ra7 {[%emt 0:00:23]} 13. c7 {[%emt 0:01:47]} Be7 {[%emt 0:05:46]} 14. Be2 {[%emt 0:00:48]} Be6 {[%emt 0:00:03]} 15. O-O {[%emt 0:00:10]} Bxd5 {[%emt 0:00:18]} 16. exd5 {[%emt 0:00:01]} Bd6 {[%emt 0:00:05]} 1-0

[Event "EIRCC 2019"]
[Site "Tallinn"]
[Date "2019.12.06"]
[Round "8.33"]
[White "Potapov, Alexander"]
[Black "Vetokhin, Savva"]
[Result "1-0"]
[WhiteElo "2359"]
[BlackElo "1993"]
[Annotator "NA"]
[PlyCount "121"]
[EventDate "2019.12.05"]
[EventType "swiss"]
[EventCountry "EST"]
[SourceTitle "playchess.com"]
[Source "ChessBase"]
[SourceQuality "1"]
[TimeControl "900+10"]

1. d4 {[%emt 0:00:00]} Nf6 {[%emt 0:00:00]} 2. c4 {[%emt 0:00:00]} g6 {[%emt 0:00:00]} 3. Nc3 {[%emt 0:00:00]} Bg7 {[%emt 0:00:00]} 4. e4 {[%emt 0:00:00]} d6 {[%emt 0:00:00]} 5. h3 {[%emt 0:00:00]} O-O {[%emt 0:00:02]} 6. Bg5 {[%emt 0:00:01]} c5 {[%emt 0:00:08]} 7. d5 {[%emt 0:00:02]} e6 {[%emt 0:00:05]} 8. Bd3 {[%emt 0:00:03]} exd5 {[%emt 0:00:02]} 9. exd5 {[%emt 0:00:02]} Re8+ {[%emt 0:00:06]} 10. Nge2 {[%emt 0:00:05]} Nbd7 {[%emt 0:00:07]} 11. f4 {[%emt 0:00:01]} Qe7 {[%emt 0:01:04]} 12. O-O {[%emt 0:00:14]} Qf8 {[%emt 0:01:01]} 13. Qc2 {[%emt 0:00:10]} b6 {[%emt 0:00:11]} 14. a4 {[%emt 0:00:34]} Ba6 {[%emt 0:00:20]} 15. Ng3 {[%emt 0:02:58]} h6 {[%emt 0:00:40]} 16. Bh4 {[%emt 0:00:05]} Nh7 {[%emt 0:01:00]} 17. Nge4 {[%emt 0:01:17]} Nhf6 {[%emt 0:00:54]} 18. Nxf6+ {[%emt 0:00:45]} Nxf6 {[%emt 0:00:07]} 19. Nb5 {[%emt 0:00:08]} Qe7 {[%emt 0:00:59]} 20. Rae1 {[%emt 0:03:13]} Qd7 {[%emt 0:00:02]} 21. Kh2 {[%emt 0:00:39]} Rxe1 {[%emt 0:00:35]} 22. Rxe1 {[%emt 0:00:25]} Re8 {[%emt 0:00:15]} 23. Rxe8+ {[%emt 0:00:30]} Nxe8 {[%emt 0:00:01]} 24. g4 {[%emt 0:00:02]} Nf6 {[%emt 0:00:19]} 25. Qe2 {[%emt 0:00:06]} Bxb5 {[%emt 0:00:29]} 26. axb5 {[%emt 0:00:02]} Qe8 {[%emt 0:00:03]} 27. Qxe8+ {[%emt 0:00:24]} Nxe8 {[%emt 0:00:01]} 28. b3 {[%emt 0:00:01]} Bf6 {[%emt 0:00:15]} 29. Be1 {[%emt 0:00:03]} Bd4 {[%emt 0:00:09]} 30. Kg2 {[%emt 0:00:02]} Nc7 {[%emt 0:00:03]} 31. Kf3 {[%emt 0:00:09]} a6 {[%emt 0:00:23]} 32. bxa6 {[%emt 0:00:02]} Nxa6 {[%emt 0:00:01]} 33. Bg3 {[%emt 0:00:05]} Bf6 {[%emt 0:03:21]} 34. f5 {[%emt 0:00:13]} gxf5 {[%emt 0:00:02]} 35. Bxd6 {[%emt 0:00:04]} fxg4+ {[%emt 0:00:02]} 36. Kxg4 {[%emt 0:00:13]} Bd8 {[%emt 0:00:08]} 37. Bf5 {[%emt 0:00:14]} Kg7 {[%emt 0:00:28]} 38. Be5+ {[%emt 0:00:11]} Bf6 39. Bf4 {[%emt 0:00:03]} Nb4 {[%emt 0:00:37]} 40. Kh5 {[%emt 0:00:06]} Na6 {[%emt 0:00:51]} 41. Bxh6+ {[%emt 0:00:03]} Kg8 {[%emt 0:00:01]} 42. Bf4 {[%emt 0:00:07]} Bd8 {[%emt 0:00:07]} 43. Kg4 {[%emt 0:00:41]} Nc7 {[%emt 0:00:05]} 44. Bd7 {[%emt 0:00:02]} Kf8 {[%emt 0:00:07]} 45. Bd6+ {[%emt 0:00:08]} Kg7 {[%emt 0:00:00]} 46. h4 {[%emt 0:00:03]} Na6 {[%emt 0:00:28]} 47. h5 {[%emt 0:00:05]} Bc7 {[%emt 0:00:06]} 48. Be7 {[%emt 0:00:10]} Nb8 {[%emt 0:00:03]} 49. Bf5 {[%emt 0:00:04]} Be5 {[%emt 0:00:04]} 50. Kg5 {[%emt 0:00:11]} f6+ {[%emt 0:00:02]} 51. Kg4 {[%emt 0:00:01]} Kf7 {[%emt 0:00:05]} 52. Bd8 {[%emt 0:00:03]} Bd6 {[%emt 0:00:04]} 53. Bxb6 {[%emt 0:00:05]} Kg7 {[%emt 0:00:03]} 54. Bd8 {[%emt 0:00:07]} Na6 {[%emt 0:00:04]} 55. Be4 {[%emt 0:00:15]} Nc7 {[%emt 0:00:03]} 56. Bg6 {[%emt 0:00:07]} Kh6 {[%emt 0:00:04]} 57. Kf5 {[%emt 0:00:03]} Kg7 {[%emt 0:00:04]} 58. Bxc7 {[%emt 0:00:16]} Bxc7 {[%emt 0:00:03]} 59. Ke6 {[%emt 0:00:01]} Be5 {[%emt 0:00:04]} 60. d6 {[%emt 0:00:01]} Kf8 {[%emt 0:00:01]} 61. h6 {[%emt 0:00:02]} 1-0

[Event "EIRCC 2019"]
[Site "Tallinn"]
[Date "2019.12.06"]
[Round "8.34"]
[White "Silich, Yahor"]
[Black "Putka, Verners"]
[Result "1/2-1/2"]
[WhiteElo "1975"]
[BlackElo "2358"]
[Annotator "NA"]
[PlyCount "88"]
[EventDate "2019.12.05"]
[EventType "swiss"]
[EventCountry "EST"]
[SourceTitle "playchess.com"]
[Source "ChessBase"]
[SourceQuality "1"]
[TimeControl "900+10"]

1. e4 {[%emt 0:00:00]} e5 {[%emt 0:00:00]} 2. Nf3 {[%emt 0:00:00]} Nf6 {[%emt 0:00:00]} 3. Nxe5 {[%emt 0:00:00]} d6 {[%emt 0:00:00]} 4. Nf3 {[%emt 0:00:00]} Nxe4 {[%emt 0:00:00]} 5. d3 {[%emt 0:00:00]} Nf6 {[%emt 0:00:02]} 6. d4 {[%emt 0:00:00]} Be7 {[%emt 0:00:03]} 7. Bd3 {[%emt 0:00:49]} Bg4 {[%emt 0:00:11]} 8. h3 {[%emt 0:00:08]} Bh5 {[%emt 0:00:02]} 9. O-O {[%emt 0:00:07]} O-O {[%emt 0:00:04]} 10. b3 {[%emt 0:01:17]} c5 {[%emt 0:01:52]} 11. d5 {[%emt 0:03:25]} Nbd7 {[%emt 0:01:34]} 12. Be2 {[%emt 0:00:28]} Re8 {[%emt 0:00:30]} 13. Bb2 {[%emt 0:00:36]} Ne4 {[%emt 0:01:39]} 14. Nbd2 {[%emt 0:02:29]} Bf6 {[%emt 0:00:28]} 15. Bxf6 {[%emt 0:02:52]} Qxf6 {[%emt 0:00:28]} 16. Nxe4 {[%emt 0:00:42]} Rxe4 {[%emt 0:00:03]} 17. Qd2 {[%emt 0:01:41]} Rxe2 {[%emt 0:01:11]} 18. Qxe2 {[%emt 0:00:05]} Ne5 {[%emt 0:00:01]} 19. Qe3 {[%emt 0:00:59]} Nxf3+ {[%emt 0:02:38]} 20. gxf3 {[%emt 0:00:02]} Bxf3 {[%emt 0:00:02]} 21. Kh2 {[%emt 0:00:04]} Bxd5 {[%emt 0:00:02]} 22. Rae1 {[%emt 0:00:34]} Bc6 {[%emt 0:00:40]} 23. c4 {[%emt 0:00:43]} h6 {[%emt 0:01:06]} 24. Qg3 {[%emt 0:00:07]} Rd8 {[%emt 0:02:43]} 25. Rd1 {[%emt 0:00:14]} d5 {[%emt 0:00:21]} 26. cxd5 {[%emt 0:00:02]} Rxd5 {[%emt 0:00:18]} 27. Rxd5 {[%emt 0:00:04]} Bxd5 {[%emt 0:00:01]} 28. Rd1 {[%emt 0:01:16]} Bc6 {[%emt 0:00:23]} 29. Qe3 {[%emt 0:00:15]} Qf5 {[%emt 0:00:49]} 30. Rd8+ {[%emt 0:00:42]} Kh7 {[%emt 0:00:02]} 31. Rd2 {[%emt 0:00:03]} g6 {[%emt 0:00:15]} 32. f3 {[%emt 0:00:13]} Bd7 {[%emt 0:01:09]} 33. f4 {[%emt 0:00:01]} Bc6 {[%emt 0:00:01]} 34. Re2 {[%emt 0:00:25]} Qb1 {[%emt 0:00:13]} 35. Qg1 {[%emt 0:00:01]} Qd3 {[%emt 0:00:08]} 36. Qe3 {[%emt 0:00:06]} Qd1 {[%emt 0:00:03]} 37. Re1 {[%emt 0:00:01]} Qd5 {[%emt 0:00:03]} 38. Qf2 {[%emt 0:00:03]} a6 {[%emt 0:01:03]} 39. Re5 {[%emt 0:00:01]} Qh1+ {[%emt 0:00:02]} 40. Kg3 {[%emt 0:00:01]} Bd7 {[%emt 0:00:54]} 41. Qg2 {[%emt 0:00:03]} Qd1 {[%emt 0:00:28]} 42. Qd5 {[%emt 0:00:41]} Qg1+ {[%emt 0:00:04]} 43. Qg2 {[%emt 0:00:01]} Qd1 {[%emt 0:00:16]} 44. Qd5 {[%emt 0:00:10]} Qg1+ {[%emt 0:00:12]} 1/2-1/2

[Event "EIRCC 2019"]
[Site "Tallinn"]
[Date "2019.12.06"]
[Round "8.35"]
[White "Sanal, Vahap"]
[Black "Chernyak, Viktoria"]
[Result "1-0"]
[WhiteElo "2597"]
[BlackElo "2233"]
[Annotator "ChessBase"]
[PlyCount "73"]
[EventDate "2019.12.05"]
[EventType "swiss"]
[EventCountry "EST"]
[SourceTitle "playchess.com"]
[Source "ChessBase"]
[SourceQuality "1"]
[TimeControl "900+10"]

1. e4 {[%emt 0:02:30]} c5 {[%emt 0:00:06]} 2. Nc3 {[%emt 0:00:02]} g6 {[%emt 0:00:04]} 3. h4 {[%emt 0:00:02]} h5 {[%emt 0:00:44]} 4. d4 {[%emt 0:00:02]} cxd4 {[%emt 0:00:21]} 5. Qxd4 {[%emt 0:00:02]} Nf6 {[%emt 0:00:05]} 6. Bg5 {[%emt 0:00:06]} Nc6 {[%emt 0:00:13]} 7. Qd2 {[%emt 0:00:02]} Bg7 {[%emt 0:00:19]} 8. f3 {[%emt 0:00:05]} d6 {[%emt 0:00:28]} 9. Bc4 {[%emt 0:00:05]} a6 {[%emt 0:01:33]} 10. Bb3 {[%emt 0:00:05]} Bd7 {[%emt 0:00:29]} 11. Nge2 {[%emt 0:00:13]} Rc8 {[%emt 0:00:07]} 12. O-O-O {[%emt 0:00:27]} b5 {[%emt 0:00:18]} 13. Kb1 {[%emt 0:00:11]} Ne5 {[%emt 0:00:20]} 14. f4 {[%emt 0:01:01]} Nc4 {[%emt 0:00:32]} 15. Bxc4 {[%emt 0:00:04]} bxc4 {[%emt 0:00:56]} 16. e5 {[%emt 0:00:04]} dxe5 {[%emt 0:02:21]} 17. fxe5 {[%emt 0:00:02]} Ng4 {[%emt 0:00:35]} 18. Nd5 {[%emt 0:00:02]} f6 {[%emt 0:01:55]} 19. exf6 {[%emt 0:00:02]} exf6 {[%emt 0:00:07]} 20. Nef4 {[%emt 0:01:40]} O-O {[%emt 0:02:40]} 21. Nxg6 {[%emt 0:00:13]} Rf7 {[%emt 0:00:04]} 22. Bf4 {[%emt 0:00:13]} Kh7 {[%emt 0:00:46]} 23. Nde7 Rxe7 {[%emt 0:00:10]} 24. Nxe7 {[%emt 0:00:03]} Qxe7 {[%emt 0:00:02]} 25. Qxd7 {[%emt 0:00:03]} Qxd7 {[%emt 0:00:41]} 26. Rxd7 {[%emt 0:00:02]} Kg6 {[%emt 0:00:01]} 27. Rc7 {[%emt 0:00:08]} Re8 {[%emt 0:00:03]} 28. Rxc4 {[%emt 0:00:02]} Re2 {[%emt 0:00:02]} 29. g3 {[%emt 0:00:01]} Nf2 {[%emt 0:00:08]} 30. Rc1 {[%emt 0:00:02]} Ne4 {[%emt 0:00:33]} 31. a4 {[%emt 0:00:02]} Kf5 {[%emt 0:00:05]} 32. a5 {[%emt 0:00:01]} Bf8 {[%emt 0:00:02]} 33. Rc6 {[%emt 0:00:03]} Nc5 {[%emt 0:00:11]} 34. Bd6 {[%emt 0:00:11]} Bxd6 {[%emt 0:00:38]} 35. Rxd6 {[%emt 0:00:01]} Kg4 {[%emt 0:00:27]} 36. Rxf6 {[%emt 0:00:04]} Kxg3 {[%emt 0:00:01]} 37. Rf5 {[%emt 0:00:02]} 1-0

[Event "EIRCC 2019"]
[Site "Tallinn"]
[Date "2019.12.06"]
[Round "8.36"]
[White "Sysolyatin, Evgeny"]
[Black "Khalifman, Alexander"]
[Result "1-0"]
[WhiteElo "2231"]
[BlackElo "2577"]
[Annotator "ChessBase"]
[PlyCount "67"]
[EventDate "2019.12.05"]
[EventType "swiss"]
[EventCountry "EST"]
[SourceTitle "playchess.com"]
[Source "ChessBase"]
[SourceQuality "1"]
[TimeControl "900+10"]

1. e4 {[%emt 0:00:00]} c5 {[%emt 0:00:00]} 2. Nf3 {[%emt 0:00:00]} d6 {[%emt 0:00:00]} 3. d4 {[%emt 0:00:00]} cxd4 {[%emt 0:00:00]} 4. Nxd4 {[%emt 0:00:00]} Nf6 {[%emt 0:00:00]} 5. Nc3 {[%emt 0:00:03]} g6 {[%emt 0:00:00]} 6. g3 {[%emt 0:00:53]} Nc6 {[%emt 0:00:00]} 7. Bg2 {[%emt 0:00:06]} Nxd4 {[%emt 0:00:00]} 8. Qxd4 {[%emt 0:00:04]} Bg7 {[%emt 0:00:00]} 9. O-O {[%emt 0:00:55]} O-O {[%emt 0:00:01]} 10. Re1 {[%emt 0:01:23]} Be6 {[%emt 0:00:17]} 11. Qb4 {[%emt 0:00:10]} Nd7 {[%emt 0:01:16]} 12. Bg5 {[%emt 0:03:13]} a5 {[%emt 0:02:34]} 13. Qb5 {[%emt 0:02:14]} h6 {[%emt 0:02:51]} 14. Be3 {[%emt 0:00:17]} Qc7 {[%emt 0:00:07]} 15. Nd5 {[%emt 0:00:34]} Bxd5 {[%emt 0:00:02]} 16. exd5 {[%emt 0:00:01]} a4 {[%emt 0:00:06]} 17. Rac1 {[%emt 0:01:28]} Ne5 {[%emt 0:00:49]} 18. b3 {[%emt 0:00:51]} axb3 {[%emt 0:01:20]} 19. axb3 {[%emt 0:00:05]} Ra2 {[%emt 0:00:10]} 20. h3 {[%emt 0:02:00]} h5 {[%emt 0:01:51]} 21. Bb6 {[%emt 0:00:25]} Qc3 {[%emt 0:00:26]} 22. Be3 {[%emt 0:01:31]} Rxc2 {[%emt 0:02:10]} 23. Qxb7 {[%emt 0:00:02]} Nd3 {[%emt 0:00:16]} 24. Rxc2 {[%emt 0:00:01]} Qxc2 {[%emt 0:00:02]} 25. Rf1 {[%emt 0:00:11]} Bf6 {[%emt 0:00:05]} 26. b4 {[%emt 0:00:19]} h4 {[%emt 0:00:19]} 27. g4 {[%emt 0:00:28]} Qc4 {[%emt 0:00:27]} 28. b5 {[%emt 0:00:06]} Nf4 {[%emt 0:00:05]} 29. Qc6 {[%emt 0:00:04]} Ne2+ {[%emt 0:00:06]} 30. Kh1 {[%emt 0:00:02]} Qb4 {[%emt 0:00:28]} 31. b6 {[%emt 0:00:04]} Nd4 {[%emt 0:01:49]} 32. Qc7 {[%emt 0:00:27]} Qb3 {[%emt 0:00:21]} 33. b7 {[%emt 0:00:14]} g5 {[%emt 0:00:03]} 34. Be4 {[%emt 0:00:17]} 1-0

[Event "EIRCC 2019"]
[Site "Tallinn"]
[Date "2019.12.06"]
[Round "9.1"]
[White "Yuffa, Daniil"]
[Black "Turov, Maxim"]
[Result "1/2-1/2"]
[WhiteElo "2587"]
[BlackElo "2647"]
[Annotator "TA"]
[PlyCount "28"]
[EventDate "2019.12.05"]
[EventType "swiss"]
[EventCountry "EST"]
[SourceTitle "playchess.com"]
[Source "ChessBase"]
[SourceQuality "1"]

{[%evp 9,28,9,33,27,21,18,19,32,35,6,16,16,10,0,0,2,0,0,10,-47,40]} 1. d4 Nf6 2. c4 e6 3. g3 Bb4+ 4. Bd2 a5 5. Bg2 d6 (5... O-O 6. Nf3 b6 7. O-O Bb7 8. Bf4 Be7 9. Nc3 Ne4 10. Nb5 c6 11. Nc7 Ra7 12. Qb3 d6 13. c5 Qxc7 14. cxb6 a4 15. bxc7 axb3 16. cxb8=Q Rxb8 17. axb3 Rba8 18. Rxa7 Rxa7 {½-½ (37) Jakovenko,D (2719)-Rapport,R (2726) Shenzhen 2019}) 6. e3 {E00: Catalan Bogo-Indian (3 g3 Bb4+)} O-O 7. Ne2 d5 8. O-O {The position is equal.} b6 $146 ({Predecessor:} 8... c6 9. Bxb4 axb4 10. Nd2 b6 11. e4 Na6 12. e5 Ne8 13. f4 {½-½ (41) Drakopoulos,P (2105)-Markidis,K (2329) Rio Achaea 2018}) 9. Nbc3 c6 10. cxd5 cxd5 11. a3 Be7 12. Rc1 Ba6 13. Re1 b5 14. Nf4 (14. b4 $11) 14... Nbd7 (14... b4 $15 15. axb4 axb4) 1/2-1/2

[Event "EIRCC 2019"]
[Site "Tallinn"]
[Date "2019.12.06"]
[Round "9.2"]
[White "Mamedov, Rauf"]
[Black "Sargissian, Gabriel"]
[Result "1-0"]
[WhiteElo "2679"]
[BlackElo "2715"]
[Annotator "TA"]
[PlyCount "71"]
[EventDate "2019.12.05"]
[EventType "swiss"]
[EventCountry "EST"]
[SourceTitle "playchess.com"]
[Source "ChessBase"]
[SourceQuality "1"]

{[%evp 9,71,3,26,12,23,0,0,18,12,0,27,21,34,27,18,25,50,3,88,93,86,95,88,6,19,-12,-10,-25,91,89,94,90,182,188,215,208,628,624,625,625,610,602,594,589,545,556,530,485,868,773,866,832,766,741,672,455,539,521,535,534,502,521,514,454]} 1. e4 e5 2. Nf3 Nc6 3. Bb5 a6 4. Ba4 Nf6 5. Nc3 Bd6 (5... Be7 6. Bxc6 dxc6 7. a3 O-O 8. d3 Nd7 9. h4 Bf6 10. g4 g6 11. Be3 Qe7 12. Ng5 Bg7 13. Qd2 {0-1 (61) Motylev,A (2668)-Inarkiev,E (2682) Izhevsk 2019}) 6. d3 {C77: Ruy Lopez: 3...a6 4 Ba4 Nf6, unusual lines} O-O 7. a3 b5 8. Bb3 {The position is equal.} Nd4 9. Ba2 $146 ({Predecessor:} 9. Nxd4 exd4 10. Ne2 c5 11. O-O Bb7 12. f4 Bc7 13. Ng3 {½-½ (49) Rajkovic,M (2359)-Blagojevic,D (2495) Belgrade 2017}) 9... Nxf3+ (9... Ne6 {seems wilder.} 10. O-O Bb7 11. Be3 Re8 12. Re1 Ng4) 10. Qxf3 Be7 11. g4 d6 12. g5 Nd7 (12... Bg4 $2 13. Qg3 $18) 13. Rg1 g6 (13... Nc5 $1 $11 {keeps the balance.}) 14. h4 $16 Nc5 15. h5 Be6 16. Be3 (16. Bd5 $16) 16... Bxa2 $11 17. Rxa2 Ne6 {[%cal Re7g5]} 18. Qg4 c6 (18... Ng7 $1 $11 {remains equal.}) 19. hxg6 $1 $16 hxg6 {[#] and if ...Kg7 works, Black does fine.} 20. Qh4 $1 {White threatens Rh1 and mate.} Ng7 ({Avoid the trap} 20... Nd4 $2 21. Bxd4 Bxg5 22. Rxg5 $18) (20... f6 $16 {might work better.}) 21. Qh6 $18 ({But not} 21. Rh1 $6 Nh5 $16) 21... Nh5 {[#] ...Re8 is the strong threat.} 22. Rh1 $1 $40 {[%mdl 128] White has strong attack.} Re8 $2 (22... Qd7) 23. Rxh5 $1 {White is clearly winning.} gxh5 24. g6 fxg6 25. Qxg6+ Kh8 26. Qxh5+ Kg8 27. Qg6+ Kh8 28. Ra1 {[%cal Ba2a1,Ba1g1,Bg1g7][%mdl 32]} Bf8 (28... Qd7 $142 29. Qh5+ Kg8) 29. Bg5 ({Weaker is} 29. Qh5+ Kg8 $16) 29... Qd7 30. Bf6+ Bg7 31. Kd2 Kg8 32. Rg1 {[%cal Rf6g7]} Re6 33. Qxg7+ Qxg7 34. Rxg7+ Kf8 35. Rh7 Rae8 36. Bg5 {Accuracy: White = 68%, Black = 32%.} 1-0

[Event "EIRCC 2019"]
[Site "Tallinn"]
[Date "2019.12.06"]
[Round "9.3"]
[White "Andriasian, Zaven"]
[Black "Kulaots, Kaido"]
[Result "0-1"]
[WhiteElo "2633"]
[BlackElo "2544"]
[Annotator "TA"]
[PlyCount "64"]
[EventDate "2019.12.05"]
[EventType "swiss"]
[EventCountry "EST"]
[SourceTitle "playchess.com"]
[Source "ChessBase"]
[SourceQuality "1"]

{[%evp 9,64,0,10,0,0,0,23,24,20,20,25,22,31,35,27,16,57,60,42,52,50,0,0,0,0,0,0,0,0,0,-15,-14,0,-97,-103,-406,-398,-392,-400,-379,-155,-393,-383,-1412,-1393,-1191,-1060,-29983,-29983,-29990,-29991,-29991,-29992,-29992,-29993,-29995,-29995]} 1. e4 c5 2. Nc3 d6 3. d4 cxd4 4. Qxd4 Nc6 5. Qd2 g6 6. b3 {B23: Closed Sicilian: Lines without g3} Bh6 7. f4 f5 8. Bb2 {White has an edge.} Nf6 9. Bd3 (9. O-O-O O-O 10. Kb1 Bg7 11. exf5 Bxf5 {1-0 (37) Caruana,F (2819)-Vachier Lagrave,M (2779) Stavanger 2019}) 9... Qa5 10. exf5 Bxf5 11. Nge2 O-O-O $146 12. O-O-O e5 13. Bxf5+ gxf5 14. Kb1 Rhe8 15. Rhf1 d5 16. Qd3 e4 17. Qh3 Ng4 {aiming for ...d4.} 18. Qh5 Ne3 $1 {[%csl LRd1,LRf1,LRg2] ...Bg7 is the strong threat.} 19. Qxh6 Nxf1 20. Rxf1 d4 21. Na4 (21. Qh5 $11) 21... Qd2 $1 $17 {[%cal Rd2e2]} 22. Qh5 $2 {[%mdl 8192] [#]} (22. Ng1 $17 {is more resistant.}) 22... d3 $1 $19 23. cxd3 exd3 24. Nec3 {[#]} Qc2+ $1 25. Ka1 d2 {( -> ...Re1+)} 26. Rd1 $2 (26. Qd1 Nd4 27. Qxc2 Nxc2+ 28. Kb1) 26... Re1 27. a3 Nd4 28. Nc5 {[#]} Ne2 $1 {[%mdl 576] Pin. Black mates.} 29. Qf3 (29. Nxe2 Rxd1+) 29... Rxd1+ 30. Nxd1 Qxd1+ 31. Ka2 Nc1+ 32. Bxc1 Qxf3 {Accuracy: White = 55%, Black = 81%.} 0-1